[Event "Istanbul op"]
[Site "Istanbul"]
[Date "2023.08.29"]
[Round "5"]
[White "Ozkan, Taha"]
[Black "Ozcan, Kaan"]
[Result "0-1"]
[WhiteElo "2303"]
[BlackElo "2174"]
[PlyCount "128"]
[EventDate "2023.08.26"]
[EventType "swiss"]
[EventRounds "9"]
[EventCountry "TUR"]
[SourceTitle "EXT 2024"]
[Source "ChessBase"]
[SourceDate "2023.10.10"]
[SourceVersion "1"]
[SourceVersionDate "2023.10.10"]
[SourceQuality "1"]

1. d4 Nf6 2. c4 e6 3. Nc3 d5 4. cxd5 exd5 5. Bg5 c6 6. e3 Be7 7. Bd3 Nbd7 8. Qc2 0-0 9. Nf3 Re8 10. h3 Nf8 11. g4 Ne4 12. Bxe7 Qxe7 13. Bxe4 dxe4 14. Nd2 Qh4 15. 0-0-0 Qxf2 16. Rde1 Qh4 17. Ndxe4 Qe7 18. Rhf1 Be6 19. Ng3 Qh4 20. Nf5 Bxf5 21. Qxf5 Qe7 22. e4 b5 23. Kb1 b4 24. Na4 Rad8 25. Qf2 Ne6 26. Rd1 Rd6 27. Rd3 Red8 28. Rfd1 Qb7 29. b3 Qb5 30. R3d2 Qg5 31. a3 bxa3 32. Ka2 Qb5 33. Qe3 Qg5 34. Qc3 Qf4 35. d5 h6 36. Kxa3 Ng5 37. Qb4 Nxe4 38. Nc3 Qxd2 39. Rxd2 Nxd2 40. dxc6 Rxc6 41. Ne4 Nxe4 42. Qxe4 Rcd6 43. h4 Ra6+ 44. Kb2 Rb8 45. Qe7 Rab6 46. Qxa7 Rxb3+ 47. Kc2 R3b7 48. Qd4 Rb4 49. Qd7 R4b7 50. Qd4 Re7 51. Kd2 Ree8 52. Qf4 Rbd8+ 53. Kc2 Rd7 54. Qb4 Rc8+ 55. Kb2 Ra7 56. g5 hxg5 57. hxg5 g6 58. Qb5 Raa8 59. Qe5 Rab8+ 60. Ka2 Rb7 61. Qa5 Rcb8 62. Qa3 Rb2+ 63. Qxb2 Rxb2+ 64. Kxb2 f5 0-1

[Event "Titled Tuesday intern op 22nd Aug Late"]
[Site "Chess.com INT"]
[Date "2023.08.22"]
[Round "8"]
[White "Hjartarson, Johann"]
[Black "Ozkan, Taha"]
[Result "0-1"]
[WhiteElo "2432"]
[BlackElo "2303"]
[PlyCount "86"]
[EventDate "2023.08.22"]
[EventType "swiss (blitz)"]
[EventRounds "11"]
[EventCountry "USA"]
[SourceTitle "EXT 2024"]
[Source "ChessBase"]
[SourceDate "2023.10.10"]
[SourceVersion "1"]
[SourceVersionDate "2023.10.10"]
[SourceQuality "1"]

1. c4 c6 2. Nc3 d5 3. d4 dxc4 4. e4 b5 5. a4 b4 6. Nce2 Nf6 7. Ng3 e5 8. Bxc4 Qxd4 9. Qxd4 exd4 10. Nf3 Ba6 11. Bxa6 Nxa6 12. Nxd4 c5 13. Nb5 Be7 14. Nf5 g6 15. Nxe7 Kxe7 16. Bg5 h6 17. Bxf6+ Kxf6 18. 0-0-0 Rhd8 19. f4 c4 20. Nd6 c3 21. b3 Nc5 22. Kc2 Ke6 23. e5 Rab8 24. g4 g5 25. f5+ Ke7 26. Rhe1 Nb7 27. Ne4 Rxd1 28. Rxd1 Rc8 29. Rd4 a5 30. Rd5 Rd8 31. Rb5 Rd7 32. Rb6 Nd8 33. Nd6 Kf8 34. Rb8 Kg7 35. Ra8 h5 36. h3 h4 37. Rxa5 Nc6 38. Ne8+ Kf8 39. Ra8 Rd2+ 40. Kc1 Nxe5 41. Nf6+ Ke7 42. Ng8+ Kd7 43. Nf6+ Kc6 0-1

[Event "TUR Cup"]
[Site "Denizli"]
[Date "2023.07.20"]
[Round "7"]
[White "Ozkan, Taha"]
[Black "Dogan, Mire Deniz"]
[Result "1-0"]
[WhiteElo "2309"]
[BlackElo "2079"]
[PlyCount "63"]
[EventDate "2023.07.16"]
[EventType "team-tourn"]
[EventRounds "9"]
[EventCountry "TUR"]
[SourceTitle "CBM 215 Extra"]
[Source "ChessBase"]
[SourceDate "2023.09.30"]
[SourceVersion "1"]
[SourceVersionDate "2023.09.30"]
[SourceQuality "1"]

1. e4 c5 2. Nf3 Nc6 3. Bb5 Nf6 4. d3 g6 5. Bxc6 dxc6 6. h3 Bg7 7. Nc3 0-0 8. Be3 b6 9. 0-0 Qc7 10. Nd2 Nd7 11. a4 a5 12. f4 Ba6 13. Qg4 Rad8 14. f5 Bd4 15. Bxd4 cxd4 16. Ne2 Qd6 17. Nf3 Ne5 18. Nxe5 Qxe5 19. Qh4 Qc5 20. Rac1 b5 21. f6 exf6 22. axb5 Qxb5 23. Rxf6 Qc5 24. Rcf1 Rd6 25. R6f2 Qxc2 26. e5 g5 27. Qh5 Rg6 28. e6 f5 29. Nf4 Qxf2+ 30. Rxf2 gxf4 31. e7 Re8 32. Qxf5 1-0

[Event "TUR Cup"]
[Site "Denizli"]
[Date "2023.07.17"]
[Round "3"]
[White "Ozkan, Taha"]
[Black "Kavri, Yusuf Eren"]
[Result "1-0"]
[WhiteElo "2309"]
[BlackElo "2043"]
[PlyCount "163"]
[EventDate "2023.07.16"]
[EventType "team-tourn"]
[EventRounds "9"]
[EventCountry "TUR"]
[SourceTitle "CBM 215 Extra"]
[Source "ChessBase"]
[SourceDate "2023.09.30"]
[SourceVersion "1"]
[SourceVersionDate "2023.09.30"]
[SourceQuality "1"]

1. d4 Nf6 2. c4 e6 3. Nf3 b6 4. g3 Ba6 5. Qc2 Bb7 6. Bg2 c5 7. d5 exd5 8. cxd5 Nxd5 9. 0-0 Be7 10. Rd1 Nc6 11. Qf5 Nf6 12. e4 g6 13. Qf4 0-0 14. e5 Nh5 15. Qh6 f6 16. g4 Ng7 17. exf6 Bxf6 18. Ng5 Bxg5 19. Bxg5 Qe8 20. Nc3 Ne6 21. Ne4 Ncd4 22. Nf6+ Rxf6 23. Bxf6 Bxg2 24. Kxg2 Qf7 25. Bxd4 Nxd4 26. Rd3 Rf8 27. Rf1 Qe6 28. Rg3 Ne2 29. Re3 Qxg4+ 30. Kh1 Nf4 31. Rg1 Qf5 32. Rd1 Qc2 33. Rf1 Qc4 34. Rd1 Qa4 35. b3 Qc6+ 36. f3 Nh5 37. Rdd3 Qf6 38. Re1 Qh4 39. Qd2 Qh3 40. f4 Qg4 41. Rf1 Rxf4 42. Rg1 Qe6 43. Rxd7 Qe4+ 44. Qg2 Rf3 45. Re7 Qxe7 46. Qxf3 Kg7 47. Rd1 Nf6 48. Kg2 h5 49. h3 Ne4 50. Qf4 Nf6 51. Rd2 Qb7+ 52. Qf3 Qe7 53. Re2 Qd7 54. Qf4 Qd5+ 55. Kh2 Qd7 56. Qe5 Kf7 57. Qb8 Kg7 58. Qg3 Kf7 59. Rg2 Qf5 60. Rd2 Kg7 61. Qc7+ Kh6 62. Qb8 Ng8 63. Re2 Qf7 64. Qe5 Kh7 65. Kg2 Qb7+ 66. Qe4 Qd7 67. Qe6 Qb7+ 68. Kf2 Qc7 69. Rd2 Qf4+ 70. Ke2 Nf6 71. Qe7+ Kh6 72. Qf8+ Kg5 73. Ke1 Qe4+ 74. Re2 Qb1+ 75. Kf2 Qf5+ 76. Kg1 Kh4 77. Qd6 Ne4 78. Qe7+ Ng5 79. Rg2 Qb1+ 80. Kh2 Qc1 81. Qf6 Qe1 82. Qxg5# 1-0

[Event "TUR Cup"]
[Site "Denizli"]
[Date "2023.07.17"]
[Round "2"]
[White "Ulupinar, Furkan"]
[Black "Ozkan, Taha"]
[Result "0-1"]
[WhiteElo "1605"]
[BlackElo "2309"]
[PlyCount "104"]
[EventDate "2023.07.16"]
[EventType "team-tourn"]
[EventRounds "9"]
[EventCountry "TUR"]
[SourceTitle "CBM 215 Extra"]
[Source "ChessBase"]
[SourceDate "2023.09.30"]
[SourceVersion "1"]
[SourceVersionDate "2023.09.30"]
[SourceQuality "1"]

1. e4 e6 2. d4 d5 3. Nc3 Bb4 4. Bd2 dxe4 5. Qg4 Nf6 6. Qxg7 Rg8 7. Qh6 b6 8. 0-0-0 Bb7 9. f3 Nbd7 10. fxe4 Bxc3 11. Bxc3 Nxe4 12. Be1 Rg6 13. Qe3 Qe7 14. Nf3 Nd6 15. Bd3 Rxg2 16. Bh4 f6 17. Bg3 0-0-0 18. Rhe1 f5 19. Nh4 Rxg3 20. hxg3 Ne4 21. Bxe4 Bxe4 22. d5 Ne5 23. dxe6 Rxd1+ 24. Kxd1 Qxe6 25. Nxf5 Ng4 26. Qf4 Qxf5 27. Qxf5+ Bxf5 28. Kd2 Kd7 29. Kc3 a5 30. Re2 Kd6 31. a3 Nf6 32. Kd4 Nd5 33. a4 c5+ 34. Kc4 Bxc2 35. Rd2 Kc6 36. Rh2 Bg6 37. Re2 Nc7 38. Re7 b5+ 39. axb5+ Nxb5 40. Re6+ Nd6+ 41. Kc3 Kd5 42. Re3 Ne4+ 43. Kb3 Kd4 44. Re1 Nxg3 45. Ka4 h5 46. Rg1 h4 47. Kxa5 Be4 48. Rd1+ Ke3 49. Kb5 h3 50. Kxc5 h2 51. b4 Bg2 52. b5 Nf1 0-1

[Event "EU-ch U16 30th"]
[Site "Antalya"]
[Date "2022.11.14"]
[Round "9"]
[White "Ozkan, Taha"]
[Black "Victor, Julian"]
[Result "1-0"]
[WhiteElo "2330"]
[BlackElo "2053"]
[PlyCount "49"]
[EventDate "2022.11.06"]
[EventType "swiss"]
[EventRounds "9"]
[EventCountry "TUR"]
[SourceTitle "EXT 2024"]
[Source "ChessBase"]
[SourceDate "2023.10.10"]
[SourceVersion "1"]
[SourceVersionDate "2023.10.10"]
[SourceQuality "1"]

1. d4 Nf6 2. c4 e6 3. Nf3 d5 4. g3 Be7 5. Bg2 0-0 6. 0-0 dxc4 7. Ne5 Nc6 8. Nxc6 bxc6 9. e3 Rb8 10. Qa4 c5 11. Rd1 Rb4 12. Qxa7 Qd6 13. a3 Rb6 14. Qa4 Ba6 15. Nd2 Rfb8 16. Nxc4 Bxc4 17. Qxc4 Qd7 18. Qc2 Rd8 19. Bf3 Qb5 20. dxc5 Rxd1+ 21. Bxd1 Bxc5 22. a4 Qa5 23. Bd2 Bb4 24. Qxc7 g6 25. Bc3 1-0

[Event "EU-ch U16 30th"]
[Site "Antalya"]
[Date "2022.11.08"]
[Round "3"]
[White "Ozkan, Taha"]
[Black "Ihlen, Sivert"]
[Result "1/2-1/2"]
[WhiteElo "2330"]
[BlackElo "2071"]
[PlyCount "148"]
[EventDate "2022.11.06"]
[EventType "swiss"]
[EventRounds "9"]
[EventCountry "TUR"]
[SourceTitle "CBM 211 Extra"]
[Source "ChessBase"]
[SourceDate "2023.01.31"]
[SourceVersion "1"]
[SourceVersionDate "2023.01.31"]
[SourceQuality "1"]

1. d4 Nf6 2. c4 e6 3. Bg5 d5 4. cxd5 exd5 5. Nc3 c6 6. e3 Bf5 7. Qf3 Bg6 8. Bxf6 Qxf6 9. Qxf6 gxf6 10. h4 h5 11. Be2 Bd6 12. Nf3 Nd7 13. 0-0 0-0 14. Rfd1 Rfe8 15. Bd3 Kg7 16. Ne2 a5 17. Nh2 a4 18. Nf1 Nb6 19. Nfg3 Bxd3 20. Rxd3 Kg6 21. Nf1 Nc4 22. Rb1 f5 23. g3 f6 24. Nd2 Nxd2 25. Rxd2 Kf7 26. Rc2 Ke6 27. Kg2 Rec8 28. Kf3 Rc7 29. Nc1 b6 30. b4 axb3 31. Nxb3 Ra6 32. Nc1 b5 33. Nd3 Ra4 34. Rbc1 Rc4 35. Nb2 Rxc2 36. Rxc2 Ba3 37. Nd3 Bd6 38. Rc3 Rc8 39. Nf4+ Bxf4 40. Kxf4 b4 41. Rb3 Ra8 42. Rxb4 Rxa2 43. f3 Ra6 44. Rb8 c5 45. dxc5 Ra4+ 46. e4 fxe4 47. Rb6+ Ke7 48. fxe4 Rxe4+ 49. Kf5 Re3 50. Rb7+ Kd8 51. Kxf6 Rxg3 52. Ke6 Kc8 53. Rb4 Rg4 54. Rxg4 hxg4 55. h5 g3 56. h6 g2 57. h7 g1Q 58. h8Q+ Kb7 59. Qh7+ Kb8 60. Kd6 Qg4 61. Qc7+ Ka8 62. Qd8+ Ka7 63. c6 Qf4+ 64. Kd7 Qf5+ 65. Kc7 Qe5+ 66. Kc8 d4 67. Qd7+ Kb6 68. c7 d3 69. Qf7 d2 70. Qf2+ Kc6 71. Qf3+ Kb6 72. Qb7+ Kc5 73. Qb3 Qe8+ 74. Kb7 Qb5+ 1/2-1/2

[Event "World ol U16"]
[Site "Nakhchivan"]
[Date "2022.10.09"]
[Round "8.1"]
[White "Ozkan, Taha"]
[Black "Abdukhakimov, Akbarali"]
[Result "1-0"]
[WhiteElo "2299"]
[BlackElo "1815"]
[PlyCount "99"]
[EventDate "2022.10.02"]
[EventType "team-swiss"]
[EventRounds "9"]
[EventCountry "AZE"]
[SourceTitle "CBM 210 Extra"]
[Source "ChessBase"]
[SourceDate "2022.11.30"]
[SourceVersion "1"]
[SourceVersionDate "2022.11.30"]
[SourceQuality "1"]
[WhiteTeam "Turkey Red"]
[BlackTeam "Uzbekistan II"]
[WhiteTeamCountry "TUR"]
[BlackTeamCountry "UZB"]

1. d4 d5 2. c4 c6 3. Nf3 Nf6 4. Nc3 dxc4 5. a4 Bf5 6. e3 e6 7. Bxc4 Bb4 8. 0-0 0-0 9. Qe2 Ne4 10. Bd3 Bxc3 11. bxc3 Nxc3 12. Qc2 Bxd3 13. Qxd3 Nd5 14. Ba3 Re8 15. Rab1 b6 16. Rfc1 c5 17. dxc5 bxc5 18. Bxc5 Nd7 19. Bd4 e5 20. Ba1 N5f6 21. Qa6 Re6 22. Qc4 h6 23. Rb5 Nb6 24. Qb3 Rc8 25. Rf1 e4 26. Nd4 Rd6 27. Nf5 Rd3 28. Qb4 Rc4 29. Qb1 Rxa4 30. Bd4 Kh7 31. Ng3 Raxd4 32. exd4 Qxd4 33. Rb4 Nc4 34. Qa2 Rc3 35. Ne2 Qc5 36. Ra4 Ne5 37. Nxc3 Qxc3 38. Qa3 Qd2 39. Qe3 Qxe3 40. fxe3 Neg4 41. Re1 Kg6 42. Rxa7 Nd5 43. Ra3 f5 44. Re2 Kg5 45. h3 Ngf6 46. Rf2 Nb4 47. Ra5 Nfd5 48. Rb5 Kf6 49. Rd2 Ke6 50. Rd4 1-0

[Event "World ol U16"]
[Site "Nakhchivan"]
[Date "2022.10.03"]
[Round "2.5"]
[White "Amilal, Munkhdalai"]
[Black "Ozkan, Taha"]
[Result "1-0"]
[WhiteElo "2137"]
[BlackElo "2299"]
[PlyCount "104"]
[EventDate "2022.10.02"]
[EventType "team-swiss"]
[EventRounds "9"]
[EventCountry "AZE"]
[SourceTitle "CBM 210 Extra"]
[Source "ChessBase"]
[SourceDate "2022.11.30"]
[SourceVersion "1"]
[SourceVersionDate "2022.11.30"]
[SourceQuality "1"]
[WhiteTeam "Mongolia"]
[BlackTeam "Turkey Red"]
[WhiteTeamCountry "MGL"]
[BlackTeamCountry "TUR"]

1. e4 e6 2. d4 d5 3. Nd2 c5 4. dxc5 Bxc5 5. exd5 Qxd5 6. Ngf3 Nf6 7. Bc4 Qd8 8. Qe2 Nc6 9. 0-0 0-0 10. Ne4 Be7 11. Bg5 Nxe4 12. Bxe7 Qxe7 13. Qxe4 Rd8 14. Rfd1 Bd7 15. Bd3 g6 16. h4 e5 17. Bb5 Bf5 18. Qe2 e4 19. Bxc6 bxc6 20. Nd4 Bd7 21. Re1 Re8 22. h5 Rab8 23. hxg6 hxg6 24. c3 Qg5 25. b4 c5 26. bxc5 Qxc5 27. Qd2 Qa3 28. Rab1 Rbd8 29. Rb3 Qa4 30. Qb2 Qc4 31. Re3 Be6 32. a3 Qa4 33. Rb5 Qd1+ 34. Kh2 Qg4 35. Qb1 Qh4+ 36. Kg1 Bc4 37. Rb7 Qf4 38. Qb4 Bd3 39. Nc6 Rd6 40. Rb8 Rde6 41. Rxe8+ Rxe8 42. Qd4 Re6 43. Ne7+ Rxe7 44. Qd8+ Kg7 45. Qxe7 a6 46. Qb4 Qf6 47. Qd4 Qxd4 48. cxd4 f5 49. f3 Kf6 50. Kf2 Ke6 51. Rxd3 exd3 52. Ke3 Kd5 1-0

[Event "Titled Tuesday intern op 06th Sep Early"]
[Site "Chess.com INT"]
[Date "2022.09.06"]
[Round "1"]
[White "Ozkan, Taha"]
[Black "Yoo, Christopher Woojin"]
[Result "0-1"]
[WhiteElo "2299"]
[BlackElo "2563"]
[PlyCount "58"]
[EventDate "2022.09.06"]
[EventType "swiss (blitz)"]
[EventRounds "11"]
[EventCountry "USA"]
[SourceTitle "EXT 2023"]
[Source "ChessBase"]
[SourceDate "2022.10.05"]
[SourceVersion "1"]
[SourceVersionDate "2022.10.05"]
[SourceQuality "1"]

1. e4 d6 2. d4 Nf6 3. Nc3 g6 4. Nf3 Bg7 5. Be3 0-0 6. Qd2 c6 7. Bh6 Qa5 8. Bxg7 Kxg7 9. e5 dxe5 10. dxe5 Nd5 11. Nxd5 Qxd2+ 12. Nxd2 cxd5 13. 0-0-0 Nc6 14. f4 Bg4 15. Re1 Rac8 16. c3 d4 17. c4 Bf5 18. b3 Nb4 19. Kb2 Nc2 20. Rc1 Ne3 21. Nf3 Rfd8 22. Re1 Bg4 23. Be2 d3 24. Bd1 Nxg2 25. Reg1 Ne3 26. Rg3 d2 27. h3 Bh5 28. Be2 d1Q 29. Bxd1 Nxd1+ 0-1

[Event "TUR-chT"]
[Site "Ankara"]
[Date "2022.08.25"]
[Round "11.2"]
[White "Tarlabasi, Emirhan"]
[Black "Ozkan, Taha"]
[Result "0-1"]
[WhiteElo "2301"]
[BlackElo "2318"]
[PlyCount "154"]
[EventDate "2022.08.16"]
[EventType "team-tourn"]
[EventRounds "13"]
[EventCountry "TUR"]
[SourceTitle "CBM 209 Extra"]
[Source "ChessBase"]
[SourceDate "2022.09.30"]
[SourceVersion "1"]
[SourceVersionDate "2022.09.30"]
[SourceQuality "1"]
[WhiteTeam "Tas Duvar"]
[BlackTeam "Burhaniye"]
[WhiteTeamCountry "TUR"]
[BlackTeamCountry "TUN"]

1. d4 d5 2. c4 c6 3. e3 Bf5 4. cxd5 cxd5 5. Nc3 e6 6. Qb3 Qd7 7. Nf3 Nc6 8. Ne5 Nxe5 9. dxe5 Ne7 10. Bb5 Nc6 11. 0-0 Be7 12. e4 dxe4 13. Qa4 0-0 14. Bf4 Rfd8 15. Nxe4 Qd4 16. Nd6 Nb4 17. Bg3 a6 18. a3 Bxd6 19. exd6 Nc2 20. Rad1 Qxb2 21. Bd3 Nd4 22. Rb1 Ne2+ 23. Kh1 Nxg3+ 24. fxg3 Qe5 25. Bxf5 exf5 26. Rxb7 Rxd6 27. Qb3 Qf6 28. h3 Rad8 29. a4 h5 30. Qf3 g6 31. Re1 Rd3 32. Qf4 R3d4 33. Qf3 Rxa4 34. Kh2 Ra2 35. h4 Rdd2 36. Rg1 a5 37. Rb8+ Kh7 38. Ra8 Rd4 39. Rf1 Qd6 40. Kh1 Rdd2 41. Qc3 Qd4 42. Qxd4 Rxd4 43. Ra7 Kg7 44. Rc1 f4 45. Rf1 Raa4 46. Kg1 Rab4 47. Rf3 a4 48. Rf1 a3 49. Rxa3 fxg3 50. Rxg3 Rxh4 51. Rgf3 f5 52. R3f2 Rhg4 53. Ra1 h4 54. Kh2 Rb3 55. Ra7+ Kh6 56. Ra8 Rgb4 57. Raa2 Kh5 58. Rac2 h3 59. gxh3 Rh4 60. Kg2 Rbxh3 61. Kf1 Rh1+ 62. Ke2 R1h2 63. Rc6 Re4+ 64. Kf3 Rxf2+ 65. Kxf2 g5 66. Kf3 Ra4 67. Rc5 Ra3+ 68. Kf2 Kg4 69. Rc4+ f4 70. Rc5 Ra2+ 71. Kg1 f3 72. Kf1 Kf4 73. Ke1 g4 74. Rc8 Ra1+ 75. Kd2 f2 76. Rf8+ Kg3 77. Ke2 Re1+ 0-1

[Event "TUR-chT"]
[Site "Ankara"]
[Date "2022.08.21"]
[Round "6.2"]
[White "Gokerkan, Cem Kaan"]
[Black "Ozkan, Taha"]
[Result "0-1"]
[WhiteElo "2465"]
[BlackElo "2318"]
[PlyCount "130"]
[EventDate "2022.08.16"]
[EventType "team-tourn"]
[EventRounds "13"]
[EventCountry "TUR"]
[SourceTitle "CBM 209 Extra"]
[Source "ChessBase"]
[SourceDate "2022.09.30"]
[SourceVersion "1"]
[SourceVersionDate "2022.09.30"]
[SourceQuality "1"]
[WhiteTeam "Deniz Su Aquamatch"]
[BlackTeam "Burhaniye"]
[WhiteTeamCountry "TUR"]
[BlackTeamCountry "TUN"]

1. e4 e6 2. d4 d5 3. Nc3 Bb4 4. e5 c5 5. a3 Bxc3+ 6. bxc3 Qc7 7. Qg4 Ne7 8. Bd3 cxd4 9. Ne2 dxc3 10. Qxg7 Rg8 11. Qxh7 Qxe5 12. h4 Nd7 13. Bf4 Qf6 14. Bg5 Qh8 15. Qxh8 Rxh8 16. Nxc3 a6 17. 0-0-0 f6 18. Be3 b5 19. f4 Bb7 20. Be2 Rc8 21. Kb2 Nf5 22. Bf2 Nd6 23. Rh3 Kf7 24. g4 Rc7 25. Be1 Rhc8 26. Kb1 Nb6 27. g5 Nbc4 28. Ka2 Nf5 29. h5 Nce3 30. h6 Nxd1 31. Bxd1 d4 32. Nb1 Bd5+ 33. Kb2 fxg5 34. fxg5 Kg6 35. Ba5 Rh7 36. Bd2 Ne3 37. Rxe3 dxe3 38. Bxe3 Be4 39. Nd2 Rd7 40. Kc1 Bf5 41. Kb2 Rcd8 42. Kc1 e5 43. Be2 Rc8 44. c4 Rd4 45. Kb2 bxc4 46. Bxd4 exd4 47. Bxc4 Kxg5 48. Kb3 Kf4 49. Bxa6 Rc3+ 50. Kb4 Rc2 51. Nb3 d3 52. a4 d2 53. Be2 Ke3 54. Bh5 Rc1 55. a5 Rh1 56. Nxd2 Kxd2 57. Bf3 Rxh6 58. Bb7 Bd3 59. Bd5 Ba6 60. Kc5 Kc3 61. Bc6 Bc4 62. Bb7 Rh5+ 63. Kb6 Kb4 64. a6 Rh6+ 65. Bc6 Bd5 0-1

[Event "TUR-chT"]
[Site "Ankara"]
[Date "2022.08.18"]
[Round "3.6"]
[White "Zeydan, Salih"]
[Black "Ozkan, Taha"]
[Result "0-1"]
[WhiteElo "2066"]
[BlackElo "2318"]
[PlyCount "54"]
[EventDate "2022.08.16"]
[EventType "team-tourn"]
[EventRounds "13"]
[EventCountry "TUR"]
[SourceTitle "CBM 209 Extra"]
[Source "ChessBase"]
[SourceDate "2022.09.30"]
[SourceVersion "1"]
[SourceVersionDate "2022.09.30"]
[SourceQuality "1"]
[WhiteTeam "Darassufaka Spor"]
[BlackTeam "Burhaniye"]
[WhiteTeamCountry "TUR"]
[BlackTeamCountry "TUN"]

1. e4 e6 2. d3 c5 3. Nf3 Nc6 4. g3 g6 5. d4 cxd4 6. Nxd4 Bg7 7. Nb5 d5 8. exd5 exd5 9. Qxd5 Qe7+ 10. Be2 a6 11. Bg5 Bf6 12. Nd6+ Kf8 13. Nxc8 Rxc8 14. Bxf6 Nxf6 15. Qd2 Kg7 16. 0-0 Rhd8 17. Qe3 Qxe3 18. fxe3 Nb4 19. Nc3 Nxc2 20. Rac1 Nxe3 21. Rfe1 Nf5 22. Bf3 Rd2 23. Bxb7 Rb8 24. Bxa6 Nd4 25. Re3 Rbxb2 26. Bf1 Ng4 27. Rd3 Rxd3 0-1

[Event "Titled Tuesday intern op 26th Jul Early"]
[Site "Chess.com INT"]
[Date "2022.07.26"]
[Round "4"]
[White "Ozkan, Taha"]
[Black "Mitrabha, Guha"]
[Result "0-1"]
[WhiteElo "2357"]
[BlackElo "2490"]
[PlyCount "86"]
[EventDate "2022.07.26"]
[EventType "swiss (blitz)"]
[EventRounds "11"]
[EventCountry "USA"]
[SourceTitle "EXT 2023"]
[Source "ChessBase"]
[SourceDate "2022.10.05"]
[SourceVersion "1"]
[SourceVersionDate "2022.10.05"]
[SourceQuality "1"]

1. d4 Nf6 2. Nf3 b6 3. c4 Bb7 4. g3 g6 5. Bg2 Bg7 6. 0-0 0-0 7. Nc3 Ne4 8. Qc2 Nxc3 9. bxc3 d6 10. e4 Nd7 11. Re1 e5 12. Ba3 Re8 13. Rad1 c5 14. dxe5 dxe5 15. Bh3 Bc6 16. Rd6 Qc7 17. Red1 Rad8 18. Qd2 Bf8 19. Rxc6 Qxc6 20. Bxd7 Qc7 21. Bxe8 Rxd2 22. Rxd2 Bd6 23. Rd5 f6 24. Bc1 Kf8 25. Bb5 Ke7 26. h4 Qc8 27. Kg2 Qg4 28. Ba4 Qxe4 29. Bb3 a5 30. Be3 a4 31. Bxa4 Qxc4 32. Bb3 Qe4 33. Bd1 Qxd5 34. Be2 Qxa2 35. Nd2 f5 36. Bc4 Qc2 37. Bg5+ Kd7 38. Bb5+ Kc7 39. c4 f4 40. Nf3 e4 41. Nh2 f3+ 42. Kg1 Bxg3 43. Ng4 Qd1# 0-1

[Event "Ankara Baskent Univ op-A 5th"]
[Site "Ankara"]
[Date "2022.07.07"]
[Round "9"]
[White "Makaraci, Tunahan"]
[Black "Ozkan, Taha"]
[Result "0-1"]
[WhiteElo "2130"]
[BlackElo "2357"]
[PlyCount "60"]
[EventDate "2022.07.02"]
[EventType "swiss"]
[EventRounds "9"]
[EventCountry "TUR"]
[SourceTitle "CBM 209 Extra"]
[Source "ChessBase"]
[SourceDate "2022.09.30"]
[SourceVersion "1"]
[SourceVersionDate "2022.09.30"]
[SourceQuality "1"]

1. e4 c5 2. Nf3 e6 3. c3 d5 4. exd5 Qxd5 5. d4 Nc6 6. a3 Nf6 7. Be3 cxd4 8. cxd4 Be7 9. Nc3 Qd8 10. Bd3 0-0 11. 0-0 b6 12. Qe2 Bb7 13. Rad1 Rc8 14. Rfe1 Qc7 15. Ng5 h6 16. Nge4 Rfd8 17. Bb1 Na5 18. Nxf6+ Bxf6 19. Qg4 Kf8 20. Ne4 Bxe4 21. Qxe4 Nc4 22. Bc1 Qc6 23. Qh7 Rxd4 24. Be4 Qd7 25. Rxd4 Bxd4 26. b3 Ne5 27. a4 Bxf2+ 28. Kf1 Bxe1 29. Ba3+ Rc5 30. Kxe1 Qd4 0-1

[Event "Ankara Baskent Univ op-A 5th"]
[Site "Ankara"]
[Date "2022.07.04"]
[Round "5"]
[White "Cevizci, Yusuf Baran"]
[Black "Ozkan, Taha"]
[Result "1/2-1/2"]
[WhiteElo "2144"]
[BlackElo "2357"]
[PlyCount "80"]
[EventDate "2022.07.02"]
[EventType "swiss"]
[EventRounds "9"]
[EventCountry "TUR"]
[SourceTitle "CBM 209 Extra"]
[Source "ChessBase"]
[SourceDate "2022.09.30"]
[SourceVersion "1"]
[SourceVersionDate "2022.09.30"]
[SourceQuality "1"]

1. e4 e6 2. d4 d5 3. e5 c5 4. c3 Qb6 5. Nf3 Nc6 6. Bd3 Bd7 7. dxc5 Bxc5 8. 0-0 a5 9. Nbd2 f6 10. Rb1 fxe5 11. b4 axb4 12. cxb4 Be7 13. b5 Nb4 14. Be2 e4 15. Ne5 Nf6 16. a3 Nd3 17. Nxd3 exd3 18. Bxd3 0-0 19. Nf3 Bxa3 20. Bg5 h6 21. Bh4 Bd6 22. Qe2 Ra4 23. Bc2 Rc4 24. Rfd1 Ne4 25. Rb3 Qc5 26. Ne1 Nc3 27. Qd3 Rf5 28. Rd2 Bf4 29. g4 Bxd2 30. gxf5 Ne4 31. Ra3 Bxe1 32. Ra8+ Kh7 33. f6 Bxf2+ 34. Kh1 Rxc2 35. f7 Bxb5 36. Qxc2 Qxc2 37. f8N+ Kg8 38. Nd7+ Kh7 39. Nf8+ Kg8 40. Nd7+ Kh7 1/2-1/2

[Event "Ankara Baskent Univ op-A 5th"]
[Site "Ankara"]
[Date "2022.07.03"]
[Round "3"]
[White "Guseynov, Alihan"]
[Black "Ozkan, Taha"]
[Result "1-0"]
[WhiteElo "2213"]
[BlackElo "2357"]
[PlyCount "63"]
[EventDate "2022.07.02"]
[EventType "swiss"]
[EventRounds "9"]
[EventCountry "TUR"]
[SourceTitle "CBM 209 Extra"]
[Source "ChessBase"]
[SourceDate "2022.09.30"]
[SourceVersion "1"]
[SourceVersionDate "2022.09.30"]
[SourceQuality "1"]

1. c4 c6 2. Nf3 d5 3. e3 e6 4. Nc3 Bd6 5. Qc2 f5 6. cxd5 exd5 7. Bd3 Nh6 8. b3 0-0 9. Bb2 Nd7 10. Ne2 Qe7 11. 0-0 Nf6 12. Nfd4 c5 13. Nf3 Bd7 14. Nf4 Bc6 15. Bxf5 d4 16. Be6+ Kh8 17. Ng5 Bxf4 18. exf4 Ne4 19. Nxe4 Qxe6 20. Nxc5 Qd5 21. f3 Bb5 22. Rfc1 Rac8 23. a4 Ba6 24. b4 Rxf4 25. b5 b6 26. Qb3 Rxc5 27. Qxd5 Rxd5 28. bxa6 Rf7 29. Rc8+ Ng8 30. Re1 g5 31. Ree8 Rg7 32. Rcd8 1-0